[Event "Tournoi n27417"]
[Site "www.echecsemail.com"]
[Date "2026.02.13"]
[Round "1"]
[White "Jlr"]
[Black "Vvvv"]
[WhiteElo "1430"]
[BlackElo "1700"]
[Result "1-0"]
1.e4 g6
2.Ng1f3 Bf8g7
3.e5 c5
4.d4 cxd4
5.Qd1xd4 Nb8c6
6.Qd4f4 Bg7h6
7.Nf3g5 Bh6xg5
8.Qf4xg5 Nc6d4
9.Bf1d3 f6
10.exf6 Ng8xf6
11.O-O Rh8g8
12.Nb1a3 d5
13.c3 Nd4e6
14.Qg5e3 Nf6g4
15.Qe3h3 Ng4e5
16.Bd3b5 Ne5c6
17.Bb5xc6 bxc6
18.Qh3xh7 Kd7
19.Bc1e3 Rg8g7
20.Qh7h3 Qd8g8
21.Ra1d1 Kd8
22.Be3h6 Ne6f4
23.Qh3h4 Rg7f7
24.Bh6xf4 Bc8a6
25.Rf1e1 { abandon }1-0

[Event "Défi"]
[Site "www.echecsemail.com"]
[Date "2026.02.13"]
[Round "1"]
[White "Vvvv"]
[Black "Woluwe1975"]
[WhiteElo "1700"]
[BlackElo "1660"]
[Result "0-1"]
1.e4 e5
2.Ng1f3 Nb8c6
3.Bf1c4 f5
4.Nb1c3 Ng8f6
5.d4 exd4
6.e5 dxc3
7.exf6 Qd8xf6
8.Qd1e2 Qf6e7
9.bxc3 Qe7xe2
10.Kxe2 h6
11.Bc1f4 d6
12.Rh1e1 Bf8e7
13.h4 b6
14.Kf1 Bc8d7
15.Bc4a6 O-O
16.Nf3d4 Be7f6
17.Ba6c4 Kh7
18.Nd4xc6 Bd7xc6
19.Re1e3 Ra8e8
20.Ra1e1 Re8xe3
21.Re1xe3 Rf8e8
22.Bc4d3 g6
23.Re3xe8 Bc6xe8
24.h5 Bf6xc3
25.hxg6 Kxg6
26.Ke2 b5
27.f3 b4
28.Bf4d2 a5
29.Bd2xc3 bxc3
30.Ke3 c5
31.g4 Be8d7
32.Kf4 Kf6
33.Bd3c4 fxg4
34.fxg4 Bd7a4
35.Bc4d3 Ba4c6
36.a3 Bc6a4
37.Ke4 Kg5
38.Kd5 Kxg4
39.Kxd6 c4
40.Bd3g6 h5
41.Bg6xh5 Kxh5
42.Kc5 Kg6
43.Kxc4 Ba4xc2
44.Kxc3 Bc2d1
45.Kb2 a4
{ abandon }0-1

[Event "Défi"]
[Site "www.echecsemail.com"]
[Date "2026.02.13"]
[Round "1"]
[White "Roquefort"]
[Black "Woluwe1975"]
[WhiteElo "1880"]
[BlackElo "1660"]
[Result "1-0"]
1.e4 e5
2.f4 d5
3.exd5 exf4
4.Ng1f3 Bf8d6
5.Bf1e2 Ng8f6
6.c4 b6
7.O-O O-O
8.d4 Bc8b7
9.Nf3e5 Rf8e8
10.Bc1xf4 Nb8d7
11.Ne5g4 Nf6xg4
12.Be2xg4 Nd7f6
13.Bf4g5 Bd6e7
14.Bg4f5 h6
15.Bg5h4 Qd8d6
16.Nb1c3 Qd6b4
17.Qd1b3 a6
18.Qb3xb4 Be7xb4
19.Ra1e1 g5
20.Bh4g3 Re8xe1
21.Rf1xe1 Bb4d6
22.Bg3xd6 cxd6
23.Re1e7 Ra8b8
24.Kf2 Kf8
25.Re7e2 Rb8e8
26.b4 Re8xe2
27.Kxe2 h5
28.Kf3 Ke7
29.Nc3e4 g4
30.Kf4 Bb7xd5
31.Ne4xf6 Kxf6
32.cxd5 a5
33.bxa5 bxa5
34.h3 gxh3
35.gxh3 h4
36.Kg4 a4
37.a3 { abandon }1-0

[Event "Défi"]
[Site "www.echecsemail.com"]
[Date "2026.02.13"]
[Round "1"]
[White "Wenoketo"]
[Black "Intrigue"]
[WhiteElo "1730"]
[BlackElo "1700"]
[Result "0-1"]
1.d4 Ng8f6
2.Ng1f3 d5
3.Bc1f4 e6
4.h3 c5
5.dxc5 Bf8xc5
6.e3 O-O
7.Nb1d2 Nb8c6
8.Bf1e2 Bc8d7
9.O-O h6
10.a3 Rf8e8
11.b4 Bc5b6
12.c4 dxc4
13.Nd2xc4 Nf6d5
14.Nc4xb6 Nd5xb6
15.Qd1c2 Ra8c8
16.Qc2b2 Nb6d5
17.Bf4g3 a6
18.Rf1c1 Qd8f6
19.Qb2xf6 Nd5xf6
20.Ra1a2 b5
21.Ra2c2 Nf6e4
22.Bg3h2 Nc6e7
23.Rc2xc8 Re8xc8
24.Rc1xc8 Ne7xc8
25.Nf3e5 Bd7e8
26.Be2f3 Ne4d6
27.Ne5d3 Nd6c4
28.Bf3b7 Nc8e7
29.Bb7xa6 Nc4xa3
30.Bh2d6 Ne7d5
31.Kf1 Na3c2
32.Ke2 f6
33.Kd2 Nc2a3
34.e4 Nd5b6
35.f4 Na3c4
36.Kc3 Nc4xd6
{ abandon }0-1

[Event "Tournoi n27129"]
[Site "www.echecsemail.com"]
[Date "2026.02.13"]
[Round "1"]
[White "Colyoun"]
[Black "Daimyo"]
[WhiteElo "1660"]
[BlackElo "1530"]
[Result "0-1"]
1.e4 e5
2.Ng1f3 d6
3.d4 Ng8f6
4.dxe5 Nf6xe4
5.exd6 Ne4xd6
6.Bf1d3 Bf8e7
7.O-O O-O
8.Nb1c3 Bc8g4
9.h3 Bg4h5
10.Bc1f4 Rf8e8
11.Nc3e4 Nd6f5
12.Ne4g3 Nf5xg3
13.Bf4xg3 Be7h4
14.Bd3xh7 Kxh7
15.Qd1xd8 Bh4xd8
16.Nf3d4 Nb8d7
17.b4 c6
18.c4 Bd8f6
19.Nd4b3 Bh5e2
20.Rf1e1 Bf6xa1
21.Re1xa1 Be2xc4
22.Ra1d1 Nd7f6
23.Nb3c1 Re8e6
24.a3 Ra8e8
25.f3 Nf6h5
26.Bg3f2 b6
27.g4 Nh5f4
28.Kh2 Bc4e2
29.Nc1xe2 Re6xe2
30.Kg3 Nf4xh3
31.Kxh3 Re2xf2
32.Kg3 Re8e2
33.Rd1d3 g5
34.Rd3d4 Rf2g2
35.Kh3 Rg2h2
36.Kg3 Re2g2
0-1

[Event "Tournoi n27450"]
[Site "www.echecsemail.com"]
[Date "2026.02.13"]
[Round "1"]
[White "Nicadria22"]
[Black "Intrigue"]
[WhiteElo "1910"]
[BlackElo "1700"]
[Result "1-0"]
1.e4 e5
2.Ng1f3 Nb8c6
3.Bf1b5 a6
4.Bb5a4 Ng8f6
5.d4 b5
6.Ba4b3 d6
7.Nf3g5 Bc8g4
8.Bb3xf7 Ke7
9.f3 Bg4h5
10.Bf7xh5 Nf6xh5
11.d5 Nc6d4
12.c3 Ke8
13.cxd4 exd4
14.Qd1xd4 h6
15.Ng5e6 Qd8d7
16.O-O Nh5f6
17.e5 dxe5
18.Qd4e3 Bf8d6
19.Ne6c5 Nf6xd5
20.Qe3f2 Qd7c6
21.Nc5e4 Nd5f6
22.Nb1c3 Nf6xe4
23.Nc3xe4 Rh8f8
24.Bc1e3 Ke7
25.Ra1c1 Qc6d7
26.Rf1d1 Ra8d8
27.Be3c5 Qd7e6
28.Bc5xd6 cxd6
29.Qf2a7 Rd8d7
30.Qa7xa6 b4
31.b3 g5
32.Rc1c6 Rf8d8
33.Ne4c5 dxc5
34.Rc6xe6 { abandon }1-0

[Event "Eq:les modestes-modesty :"]
[Site "www.echecsemail.com"]
[Date "2026.02.13"]
[Round "1"]
[White "Fred"]
[Black "Mpatruyo"]
[WhiteElo "2760"]
[BlackElo "2450"]
[Result "1-0"]
1.d4 Ng8f6
2.c4 e6
3.Nb1c3 Bf8b4
4.Qd1c2 O-O
5.e4 d6
6.a3 Bb4xc3
7.bxc3 e5
8.Bf1d3 Nb8c6
9.Ng1e2 b6
10.f4 Bc8g4
11.O-O Nf6h5
12.Bc1e3 Nc6a5
13.f5 Bg4xe2
14.Qc2xe2 Nh5f6
15.Rf1f3 exd4
16.cxd4 c5
17.e5 dxe5
18.dxe5 Na5b3
19.exf6 Nb3d4
20.Qe2d2 Nd4xf3
21.gxf3 Qd8xf6
22.Ra1b1 Ra8d8
23.Qd2c2 h6
24.Kh1 Rd8d7
25.Rb1g1 Rf8d8
26.Bd3e4 Kh8
27.Be3c1 Qf6d6
28.f6 Qd6xf6
29.Bc1b2 Rd7d4
30.Be4d5 Kg8
31.Qc2e4 Kf8
32.Bb2xd4 cxd4
33.Rg1g4 d3
34.Qe4xd3 Rd8e8
35.Qd3d2 Re8e7
36.Qd2f4 Re7e1
37.Kg2 Qf6xf4
38.Rg4xf4 f6
39.Rf4e4 Re1a1
40.Re4e3 Ra1a2
41.Kg3 Ra2a1
42.Kf4 Ra1h1
43.Kf5 Rh1xh2
44.Ke6 { abandon }1-0

[Event "Eq:Les Rois du Succes-modesty :"]
[Site "www.echecsemail.com"]
[Date "2026.02.13"]
[Round "1"]
[White "Mpatruyo"]
[Black "Hogar"]
[WhiteElo "2410"]
[BlackElo "2830"]
[Result "0-1"]
1.c4 e5
2.Nb1c3 Bf8b4
3.d3 Nb8c6
4.Bc1d2 Ng8f6
5.g3 Bb4xc3
6.Bd2xc3 d5
7.cxd5 Nf6xd5
8.Bc3d2 Bc8e6
9.Bf1g2 Qd8d7
10.Ng1f3 f6
11.O-O h5
12.h4 O-O-O
13.b4 Be6h3
14.b5 Nc6d4
15.Nf3xd4 exd4
16.Qd1a4 Bh3xg2
17.Kxg2 Kb8
18.Qa4c4 Nd5b6
19.Qc4b3 Rh8e8
20.Ra1e1 Qd7d5
21.Qb3xd5 Rd8xd5
22.e3 Rd5xb5
23.exd4 Re8g8
24.Re1b1 Rb5xb1
25.Rf1xb1 Rg8d8
26.Rb1b4 g6
27.Kf3 Kc8
28.Bd2e3 Rd8d5
29.Rb4b2 Rd5a5
30.Rb2c2 c6
31.Be3c1 Nb6d5
32.a3 Kd7
33.Rc2b2 Ra5b5
{ abandon }0-1

[Event "Coupe Niveau 5"]
[Site "www.echecsemail.com"]
[Date "2026.02.13"]
[Round "1"]
[White "Elghribi"]
[Black "Dedechecs"]
[WhiteElo "1930"]
[BlackElo "2180"]
[Result "0-1"]
1.e4 c5
2.Ng1f3 Nb8c6
3.d4 cxd4
4.Nf3xd4 Ng8f6
5.Nb1c3 e5
6.Nd4b5 d6
7.a4 a6
8.Nb5a3 Bc8g4
9.f3 Bg4e6
10.Bc1e3 Bf8e7
11.Bf1e2 O-O
12.O-O Ra8b8
13.Qd1d2 Qd8d7
14.Nc3d5 Rf8d8
15.Ra1d1 h5
16.Be3b6 Rd8c8
17.Nd5xe7 Qd7xe7
18.Qd2xd6 Qe7xd6
19.Rd1xd6 Nc6e7
20.Rf1d1 Ne7g6
21.g3 h4
22.Kg2 h3
23.Kf2 Ng6f8
24.c4 Nf8d7
25.a5 Nd7xb6
26.axb6 Nf6e8
27.Rd6d3 Rc8c6
28.Rd3b3 Ne8d6
29.Rd1c1 Rb8c8
30.Rb3b4 a5
31.Rb4a4 Rc6xb6
32.Rc1c2 Rc8c5
33.Na3b1 Nd6xc4
34.Be2xc4 Be6xc4
35.Ra4xc4 Rc5xc4
36.Rc2xc4 Rb6xb2
37.Ke3 Rb2xb1
{ abandon }0-1

[Event "CC Fev26"]
[Site "www.echecsemail.com"]
[Date "2026.02.13"]
[Round "1"]
[White "Luc20"]
[Black "Alain64"]
[WhiteElo "1870"]
[BlackElo "2090"]
[Result "0-1"]
1.e4 c5
2.c3 e5
3.Ng1f3 Nb8c6
4.Bf1b5 d6
5.O-O Ng8e7
6.d4 cxd4
7.cxd4 exd4
8.Nf3xd4 a6
9.Nd4xc6 Ne7xc6
10.Bb5a4 Bf8e7
11.Bc1f4 O-O
12.Nb1c3 h6
13.Ra1c1 Bc8e6
14.Nc3d5 Nc6e5
15.Nd5xe7 Qd8xe7
16.a3 Rf8d8
17.Qd1e2 b5
18.Ba4c2 Be6c4
19.Qe2h5 Bc4xf1
20.Kxf1 Ra8c8
21.h3 Ne5g6
22.Bf4e3 Qe7e5
23.Qh5xe5 dxe5
24.g3 Rc8c6
25.Ke2 Rd8c8
26.Kd1 Ng6e7
27.Bc2b3 Rc6xc1
28.Be3xc1 Kf8
29.Bc1e3 f6
30.Ke2 Ne7c6
31.Bb3e6 Rc8d8
32.Be3c5 Ke8
33.Ke3 Rd8d1
34.Be6d5 Nc6d4
35.f4 exf4
36.gxf4 Nd4c2
37.Ke2 Rd1h1
38.Bd5e6 Rh1h2
39.Kd1 g5
40.fxg5 fxg5
41.Be6f5 Nc2a1
42.Bc5d4 Na1b3
43.Bd4e3 Rh2xb2
44.h4 gxh4
45.Be3xh6 h3
46.Bf5g6 Ke7
47.Bh6g5 Kd6
48.Bg5f4 Kc5
49.e5 h2
50.Bf4xh2 Rb2xh2
51.e6 Kd6
52.Bg6f7 Nb3d4
{ abandon }0-1

[Event "Tournoi n27378"]
[Site "www.echecsemail.com"]
[Date "2026.02.13"]
[Round "1"]
[White "Burgman"]
[Black "Odemevol"]
[WhiteElo "1980"]
[BlackElo "1930"]
[Result "1-0"]
1.d4 d5
2.c4 e6
3.Nb1c3 Ng8f6
4.Bc1g5 Bf8e7
5.e3 c6
6.Ng1f3 Nb8d7
7.Ra1c1 O-O
8.Bf1d3 b6
9.O-O Bc8b7
10.cxd5 exd5
11.Qd1c2 h6
12.Bg5f4 Nf6h5
13.a3 Nh5xf4
14.exf4 c5
15.Nc3e2 cxd4
16.Ne2xd4 Be7c5
17.b4 Bc5xd4
18.Nf3xd4 Ra8c8
19.Qc2d2 Nd7f6
20.Rc1xc8 Qd8xc8
21.Rf1c1 Qc8b8
22.b5 Nf6h5
23.g3 Rf8c8
24.Rc1xc8 Qb8xc8
25.Qd2c2 Qc8xc2
26.Bd3xc2 Nh5f6
27.f3 a6
28.a4 axb5
29.axb5 Nf6d7
30.Bc2f5 Nd7c5
31.Kf2 g6
32.Bf5c2 Kg7
33.Ke3 f5
34.g4 fxg4
35.fxg4 Kf6
36.f5 Bb7c8
37.h4 g5
38.hxg5 hxg5
39.Nd4c6 Bc8d7
40.Kd4 Bd7e8
41.Kxd5 Be8f7
42.Kd6 Bf7c4
43.Nc6d4 Nc5b7
44.Kc6 Nb7d8
45.Kxb6 Nd8f7
46.Kc7 Ke5
47.Nd4c6 Kf4
48.b6 Bc4d5
49.Bc2d1 { abandon }1-0

[Event "Memorial Lara CIV"]
[Site "www.echecsemail.com"]
[Date "2026.02.13"]
[Round "1"]
[White "Alain64"]
[Black "Rvsinovitch"]
[WhiteElo "2090"]
[BlackElo "2060"]
[Result "1-0"]
1.c4 Ng8f6
2.Nb1c3 e6
3.e4 d6
4.Ng1f3 c5
5.d4 cxd4
6.Nf3xd4 Nb8c6
7.Bc1e3 a6
8.Bf1e2 g6
9.O-O Bf8g7
10.Qd1d2 O-O
11.f4 Qd8c7
12.Kh1 Bc8d7
13.Ra1c1 Ra8c8
14.Be2f3 Rf8d8
15.Nc3d5 exd5
16.cxd5 Qc7a5
17.dxc6 Qa5xd2
18.Be3xd2 bxc6
19.Bd2a5 Rd8e8
20.e5 dxe5
21.fxe5 Nf6d5
22.Bf3xd5 cxd5
23.Rc1xc8 Re8xc8
24.Rf1e1 Bg7xe5
25.Re1xe5 Rc8c4
26.Ba5c3 Rc4c5
27.h3 a5
28.Re5e7 Bd7a4
29.Re7a7 Ba4d1
30.Ra7xa5 { abandon }1-0

[Event "Jean 8"]
[Site "www.echecsemail.com"]
[Date "2026.02.13"]
[Round "1"]
[White "Patau"]
[Black "Petitlulu64"]
[WhiteElo "1670"]
[BlackElo "1720"]
[Result "1-0"]
1.e4 e5
2.Ng1f3 Nb8c6
3.Nb1c3 Ng8f6
4.d4 exd4
5.Nc3d5 Bf8b4
6.Bc1d2 Nf6xd5
7.exd5 Qd8e7
8.Qd1e2 Bb4xd2
9.Nf3xd2 Nc6e5
10.O-O-O d6
11.Nd2b3 O-O
12.Rd1xd4 Qe7g5
13.Kb1 Ne5d7
14.Qe2d2 Qg5xd2
15.Nb3xd2 Nd7e5
16.Bf1d3 Bc8d7
17.Rh1e1 f6
18.f4 Ne5g4
19.h3 Ng4h6
20.Rd4e4 Bd7f5
21.Re4e7 Bf5xd3
22.cxd3 Ra8c8
23.g4 Rf8f7
24.Nd2c4 Kf8
25.Re7xf7 Nh6xf7
26.Kc2 c6
27.Nc4a5 cxd5
28.Kd2 b6
29.Na5b3 Nf7d8
30.Re1c1 Rc8xc1
31.Nb3xc1 Nd8c6
32.Nc1b3 a5
33.Kc3 a4
34.Nb3d4 Nc6a5
35.Kb4 Ke7
36.Kxa4 Kd7
37.Kb5 Na5b7
38.Kxb6 Nb7c5
39.b4 Nc5xd3
40.b5 Nd3xf4
41.a4 Nf4d3
42.a5 Kc8
43.Nd4c6 Kd7
44.a6 Nd3c5
45.a7 Nc5a4
46.Kb7 Na4c5
47.Kb8 Nc5e6
48.a8Q d4
49.Qa8b7 Ke8
50.Qb7e7 1-0

[Event "Memorial Lara CIV"]
[Site "www.echecsemail.com"]
[Date "2026.02.13"]
[Round "1"]
[White "Orosco"]
[Black "Alain64"]
[WhiteElo "2210"]
[BlackElo "2090"]
[Result "1-0"]
1.e4 e6
2.d4 d5
3.Nb1c3 Bf8b4
4.e5 c5
5.a3 Bb4xc3
6.bxc3 Qd8c7
7.Qd1g4 f5
8.Qg4g3 Ng8e7
9.Qg3xg7 Rh8g8
10.Qg7xh7 cxd4
11.Ng1e2 dxc3
12.f4 d4
13.Ne2xd4 Nb8c6
14.Nd4b5 Qc7b6
15.a4 a6
16.Nb5d6 Kd7
17.Nd6c4 Qb6d4
18.Bc1a3 Qd4e4
19.Bf1e2 Kd8
20.Ba3xe7 Nc6xe7
21.O-O-O Bc8d7
22.Rd1xd7 Kxd7
23.Rh1d1 Kc8
24.Nc4d6 Kb8
25.Nd6xe4 { abandon }1-0

[Event "Tournoi n27452"]
[Site "www.echecsemail.com"]
[Date "2026.02.13"]
[Round "1"]
[White "Tiounet"]
[Black "Aramis"]
[WhiteElo "1660"]
[BlackElo "1560"]
[Result "1-0"]
1.a3 d5
2.b4 g6
3.Bc1b2 f6
4.g3 Bf8g7
5.Bf1g2 e5
6.e3 c6
7.Ng1e2 Ng8e7
8.O-O Bc8e6
9.d3 O-O
10.Nb1d2 a6
11.Ra1c1 Nb8d7
12.c4 dxc4
13.Nd2xc4 Nd7b6
14.Nc4xb6 Qd8xb6
15.d4 exd4
16.Ne2xd4 Be6d5
17.Bg2xd5 cxd5
18.Qd1b3 Ra8d8
19.Rc1c2 f5
20.Rf1c1 h6
21.Nd4f3 Bg7xb2
22.Qb3xb2 Qb6f6
23.Qb2xf6 Rf8xf6
24.Rc2c7 Kf8
25.Rc7xb7 Rf6e6
26.Rc1c7 Rd8e8
27.Nf3d4 Re6e5
28.Rb7a7 Re8c8
29.Rc7xc8 Ne7xc8
30.Ra7xa6 Nc8e7
31.Nd4c6 Ne7xc6
32.Ra6xc6 Kf7
33.Rc6b6 h5
34.a4 Kg7
35.a5 Re5e7
36.a6 Kh6
37.b5 d4
38.exd4 Re7d7
39.Rb6b7 Rd7xd4
40.a7 Rd4a4
41.b6 Ra4a6
42.Rb7b8 Kg5
43.a8Q Ra6xa8
44.Rb8xa8 f4
45.b7 fxg3
46.hxg3 Kg4
47.b8Q g5
48.Qb8c8 Kf3
49.Ra8a3 Ke4
50.Qc8c5 h4
51.Ra3a4 { abandon }1-0

[Event "Tournoi n27453"]
[Site "www.echecsemail.com"]
[Date "2026.02.13"]
[Round "1"]
[White "Alain64"]
[Black "Willkommen54"]
[WhiteElo "2060"]
[BlackElo "2020"]
[Result "1-0"]
1.c4 Ng8f6
2.Nb1c3 e6
3.e4 d5
4.e5 d4
5.exf6 dxc3
6.bxc3 Qd8xf6
7.d4 c5
8.Ng1f3 Qf6d8
9.Bf1d3 Bf8e7
10.O-O O-O
11.Qd1c2 g6
12.Bc1h6 Rf8e8
13.Ra1d1 Be7f8
14.Bh6xf8 Re8xf8
15.d5 Qd8f6
16.Nf3d2 Rf8d8
17.Nd2e4 Qf6e7
18.Bd3e2 b6
19.Be2f3 Bc8b7
20.Rf1e1 Nb8a6
21.d6 Qe7f8
22.Qc2e2 Ra8b8
23.Ne4f6 Kh8
24.Bf3xb7 Rb8xb7
25.Qe2e5 Qf8g7
26.g4 Na6b8
27.g5 Nb8d7
28.Qe5f4 Nd7xf6
29.gxf6 Qg7f8
30.Rd1d3 Rd8d7
31.Re1d1 Rb7b8
32.h4 Qf8c8
33.Rd3g3 Qc8a6
34.h5 Rb8g8
35.hxg6 Rg8xg6
36.Rg3xg6 fxg6
37.f7 { abandon }1-0

[Event "Défi( 10J+24H/c 10J Max )"]
[Site "www.echecsemail.com"]
[Date "2026.02.13"]
[Round "1"]
[White "Minon"]
[Black "Poison"]
[WhiteElo "1910"]
[BlackElo "1080"]
[Result "1-0"]
1.e4 e5
2.Ng1f3 Ng8f6
3.Nb1c3 Nb8c6
4.d3 d6
5.Nc3d5 Nf6xd5
6.exd5 Nc6d4
7.Nf3xd4 exd4
8.Bf1e2 Bf8e7
9.Be2f3 Bc8d7
10.O-O O-O
11.Bc1d2 Be7f6
12.Rf1e1 Bf6e5
13.Bf3e4 Bd7b5
14.a4 Bb5a6
15.b4 b6
16.b5 Ba6c8
17.f4 Be5f6
18.Qd1h5 h6
19.f5 a6
20.bxa6 Ra8xa6
21.g4 Ra6a5
22.Bd2xa5 Bf6e5
23.Ba5d2 Bc8a6
24.g5 Qd8b8
25.gxh6 Be5f6
26.hxg7 Bf6xg7
27.f6 Bg7xf6
28.Qh5h7 1-0

[Event "Tournoi n27427"]
[Site "www.echecsemail.com"]
[Date "2026.02.13"]
[Round "1"]
[White "Albescab"]
[Black "Patau"]
[WhiteElo "1600"]
[BlackElo "1670"]
[Result "1-0"]
1.e4 Nb8c6
2.Bf1b5 Nc6d4
3.Bb5c4 e6
4.d3 d5
5.Bc4b3 Ng8f6
6.Bb3a4 Bc8d7
7.c3 Bd7xa4
8.Qd1xa4 Nd4c6
9.e5 Nf6d7
10.d4 Nd7b6
11.Qa4d1 Bf8e7
12.Ng1f3 f6
13.O-O fxe5
14.dxe5 O-O
15.Nf3d4 Qd8d7
16.Nb1d2 Nc6xe5
17.Nd2b3 c5
18.Nd4e2 Nb6c4
19.Ne2g3 Be7d6
20.Qd1h5 Qd7f7
21.Qh5h4 Ne5g6
22.Qh4g4 Ng6e5
23.Qg4h4 Qf7g6
24.Ng3h5 Rf8f5
25.Nh5g3 Rf5f3
26.Bc1f4 Rf3xf4
27.Qh4xf4 Ra8f8
28.Qf4c1 Ne5d3
29.Qc1c2 Nd3xb2
30.Qc2xg6 hxg6
31.Ng3e2 Nb2d3
32.a4 Nd3f4
33.Rf1e1 e5
34.Ne2xf4 Rf8xf4
35.Nb3c1 e4
36.Nc1e2 Rf4f7
37.Re1f1 Bd6f4
38.g3 Bf4d2
39.a5 b6
40.a6 Nc4e5
41.Ra1d1 Ne5f3
42.Kh1 Bd2g5
43.Rd1xd5 Rf7e7
44.h4 Bg5f6
45.c4 Bf6d4
46.Ne2f4 g5
47.Nf4g6 Re7e6
48.h5 Re6f6
49.Ng6e7 Kf7
50.Rd5d7 Ke6
51.Rd7xa7 Nf3d2
52.Ne7c6 Nd2xf1
53.Nc6d8 Kf5
54.Kg2 Nf1d2
55.Ra7xg7 Nd2xc4
56.a7 e3
57.a8Q Nc4e5
58.f3 e2
59.Qa8e4 1-0

[Event "Tournoi échelle champions"]
[Site "www.echecsemail.com"]
[Date "2026.02.13"]
[Round "1"]
[White "Pessoa"]
[Black "Alain64"]
[WhiteElo "2150"]
[BlackElo "2080"]
[Result "0-1"]
1.d4 Ng8f6
2.c4 e6
3.Nb1c3 Bf8b4
4.e3 c5
5.Ng1f3 O-O
6.Bc1d2 d5
7.cxd5 exd5
8.dxc5 Bb4xc5
9.Qd1b3 Nb8c6
10.O-O-O a6
11.Bf1d3 Bc8e6
12.h4 Nc6a5
13.Qb3c2 b5
14.Kb1 Ra8c8
15.Nf3g5 h6
16.Ng5xe6 fxe6
17.a3 Na5c6
18.Nc3xb5 axb5
19.Qc2xc5 Nc6e5
20.Qc5d4 Ne5xd3
21.Qd4xd3 Nf6e4
22.Rd1f1 Ne4xf2
23.Qd3xb5 Nf2xh1
24.Rf1xh1 Rc8b8
25.Qb5d3 Rf8f2
26.g4 Qd8f6
27.Qd3c3 Qf6g6
28.Ka1 Qg6xg4
29.Qc3e5 Rb8e8
30.Bd2c3 Rf2f5
31.Qe5c7 Rf5f7
32.Qc7e5 Qg4f5
33.Qe5d4 Qf5f3
34.Rh1g1 e5
35.Qd4a4 Rf7e7
36.Qa4c6 Qf3xe3
37.Qc6xd5 Kh8
38.Rg1e1 Qe3f4
39.Re1e4 Qf4f5
40.Re4c4 Qf5f1
41.Ka2 e4
42.Rc4c6 Kh7
43.Qd5d4 Qf1f7
44.Ka1 e3
45.Qd4d3 Kg8
46.Qd3e2 Qf7f2
47.Qe2c4 Qf2f7
48.Qc4e2 Re8f8
49.Qe2g4 e2
50.Bc3e1 Qf7f1
51.Rc6c1 Qf1f4
52.Qg4xf4 Rf8xf4
53.Kb1 Rf4f1
54.b4 Re7d7
55.Kb2 Rd7d1
56.Rc1c8 Kh7
{ abandon }0-1

[Event "La Diagonale du fou 9"]
[Site "www.echecsemail.com"]
[Date "2026.02.13"]
[Round "1"]
[White "Dameroi"]
[Black "Blackbishop"]
[WhiteElo "1850"]
[BlackElo "1830"]
[Result "1-0"]
1.e4 e5
2.Bf1c4 Ng8f6
3.d3 Bf8e7
4.Ng1f3 d6
5.O-O Nb8d7
6.a3 O-O
7.Bc4a2 b6
8.Bc1e3 Bc8b7
9.Nb1c3 c6
10.h3 d5
11.Be3d2 d4
12.Nc3e2 c5
13.Ne2g3 b5
14.Ng3f5 Bb7c8
15.Nf5xe7 Qd8xe7
16.Bd2g5 Qe7d6
17.Bg5d2 Bc8a6
18.Nf3h4 c4
19.Nh4f5 Qd6b6
20.Ra1b1 cxd3
21.cxd3 b4
22.Bd2xb4 Nd7c5
23.Bb4xc5 Qb6xc5
24.Rb1c1 Qc5b5
25.Qd1d2 Qb5xd3
26.Qd2xd3 Ba6xd3
27.Rf1e1 Bd3xe4
28.Nf5g3 Be4b7
29.Re1xe5 a5
30.Rc1c7 Bb7c8
31.Kf1 d3
32.Ke1 a4
33.Kd2 Bc8a6
34.Ba2b1 h6
35.Bb1xd3 Ra8d8
36.Rc7c3 Rf8e8
37.Re5xe8 Nf6xe8
38.Kc2 Ba6xd3
39.Rc3xd3 Rd8xd3
40.Kxd3 Ne8d6
41.Ng3e4 Nd6b7
42.Kc3 Nb7a5
43.Kb4 Na5c6
44.Kxa4 Nc6e5
45.Kb5 f5
46.Ne4c3 Ne5d3
47.Nc3d1 Kf7
48.b4 g5
49.a4 Nd3f4
50.Nd1e3 Ke6
51.Kc6 h5
52.b5 Nf4d3
53.b6 Nd3e5
54.Kc7 f4
55.Ne3c4 Ne5d3
56.b7 { abandon }1-0

[Event "Tournoi n27434"]
[Site "www.echecsemail.com"]
[Date "2026.02.13"]
[Round "1"]
[White "Jlr"]
[Black "Jeff75019"]
[WhiteElo "1450"]
[BlackElo "1470"]
[Result "0-1"]
1.f4 e6
2.Ng1f3 Bf8b4
3.a3 Bb4a5
4.b4 Ba5b6
5.g3 Qd8f6
6.c3 Ng8e7
7.e3 O-O
8.d4 d5
9.Bf1d3 Nb8c6
10.Nf3g5 g6
11.h4 a5
12.h5 e5
13.dxe5 Nc6xe5
14.hxg6 Bc8g4
15.Qd1c2 Ne5f3
16.Kf2 fxg6
17.Ng5xh7 Qf6e6
18.Nh7xf8 Ra8xf8
19.Nb1d2 Qe6xe3
20.Kg2 Qe3f2
0-1

[Event "Turnier"]
[Site "www.echecsemail.com"]
[Date "2026.02.13"]
[Round "1"]
[White "Anton17"]
[Black "4x4"]
[WhiteElo "1420"]
[BlackElo "1490"]
[Result "1-0"]
1.e4 e5
2.Ng1f3 d6
3.Nb1c3 Nb8c6
4.Bf1c4 Bc8g4
5.h3 Bg4xf3
6.Qd1xf3 Ng8f6
7.d3 Qd8d7
8.Bc1g5 O-O-O
9.Bg5xf6 gxf6
10.Qf3xf6 Bf8e7
11.Qf6xf7 Nc6d4
12.O-O-O Rd8f8
13.Qf7h5 Rf8xf2
14.Rd1f1 Rf2xf1
15.Rh1xf1 c6
16.Rf1f7 Nd4e6
17.Rf7xh7 Rh8xh7
18.Qh5xh7 Kc7
19.Qh7f5 Ne6d4
20.Qf5xd7 Kxd7
21.Kd2 b5
22.Bc4f7 Be7g5
23.Ke1 Nd4xc2
24.Ke2 Nc2d4
25.Kf2 c5
26.g3 a5
27.h4 b4
28.hxg5 bxc3
29.bxc3 Nd4e6
30.Bf7xe6 Kxe6
31.Ke3 Kf7
32.d4 Kg6
33.dxc5 dxc5
34.Kd3 Kxg5
35.Kc4 Kg4
36.Kxc5 Kxg3
37.Kd5 Kf4
38.c4 a4
39.c5 a3
40.c6 Ke3
41.c7 Kd3
42.c8Q Ke3
43.Kxe5 Kd3
44.Kd5 Ke3
45.e5 Kd3
46.e6 Kd2
47.Qc8c4 Ke3
48.e7 Kd2
49.e8Q Kd1
50.Qe8e2 1-0

[Event "Défi"]
[Site "www.echecsemail.com"]
[Date "2026.02.13"]
[Round "1"]
[White "Berjay"]
[Black "Colyoun"]
[WhiteElo "1690"]
[BlackElo "1670"]
[Result "1/2-1/2"]
1.d4 c6
2.Ng1f3 d5
3.Bc1f4 Bc8f5
4.e3 e6
5.Bf1e2 Ng8f6
6.Nb1c3 Bf8b4
7.O-O O-O
8.Nc3b1 h6
9.c3 Bb4a5
10.b4 Ba5c7
11.Nb1d2 Bc7xf4
12.exf4 Nb8d7
13.Nf3h4 Bf5h7
14.a4 Nf6e4
15.Ra1c1 Qd8xh4
16.g3 Qh4d8
17.Be2f3 Ne4xd2
18.Qd1xd2 Nd7f6
19.a5 Nf6e4
20.Bf3xe4 Bh7xe4
21.Rc1a1 a6
22.f3 Be4h7
23.Rf1e1 b5
24.Qd2e3 Qd8f6
25.Re1e2 Rf8e8
26.g4 Kf8
27.Ra1e1 Qf6d8
28.Qe3f2 Qd8d7
29.Qf2h4 Bh7d3
30.Re2g2 Qd7e7
31.g5 Bd3f5
32.Qh4f2 h5
33.h4 g6
34.Qf2e3 Qe7c7
35.Rg2e2 Re8e7
36.Qe3d2 Ra8e8
37.Kf2 Qc7b8
38.Kg3 Kg7
39.Qd2e3 Kf8
40.Kf2 Qb8c7
41.Qe3d2 Qc7d7
42.Re2e5 Qd7c7
43.Re1e3 Qc7d6
44.Kg3 Qd6c7
45.Re3e2 Qc7d6
46.Re2e3 Qd6c7
47.Kf2 Kg7
48.Qd2e1 Kf8
49.Kg3 Qc7d6
50.Qe1d2 Qd6c7
51.Re3e1 Qc7c8
52.Re1e3 Qc8c7
1/2-1/2

[Event "Tournoi n27454"]
[Site "www.echecsemail.com"]
[Date "2026.02.13"]
[Round "1"]
[White "Tiounet"]
[Black "Leredoutable"]
[WhiteElo "1630"]
[BlackElo "1740"]
[Result "0-1"]
1.a3 c5
2.b4 a6
3.bxc5 Nb8c6
4.Bc1b2 d5
5.g3 e5
6.Bf1g2 Ng8f6
7.Ng1f3 Bf8xc5
8.O-O Qd8c7
9.Nb1c3 O-O
10.d3 Bc8f5
11.Nf3h4 Bf5e6
12.Nc3a4 Bc5a7
13.Na4c3 Ra8d8
14.e3 d4
15.exd4 Ba7xd4
16.Nh4f3 Be6g4
17.Qd1d2 Bg4xf3
18.Bg2xf3 Rd8d6
19.Ra1b1 Nf6e8
20.Nc3d5 Qc7d8
21.Bb2xd4 Nc6xd4
22.Bf3g2 Rd6xd5
23.Bg2xd5 Qd8xd5
24.f4 Nd4f3
25.Rf1xf3 Qd5xf3
26.Rb1xb7 exf4
27.Rb7b1 fxg3
28.hxg3 Qf3xg3
29.Qd2g2 Qg3e3
30.Kh1 f5
31.Rb1d1 f4
32.Qg2d5 Kh8
33.d4 Ne8f6
34.Qd5c5 Qe3f3
35.Kh2 Qf3xd1
36.Qc5xf8 Nf6g8
37.Qf8xf4 Qd1xc2
38.Kg3 Qc2c3
39.Kg4 Qc3xa3
40.d5 Ng8f6
41.Kf5 Qa3d3
42.Kg5 Qd3xd5
43.Kh4 Qd5h5
44.Kg3 a5
45.Qf4b8 Nf6g8
46.Qb8a8 Qh5e5
47.Kf3 Qe5a1
48.Kg4 a4
49.Kf5 a3
50.Ke6 Qa1f6
51.Kd5 Qf6f3
{ abandon }0-1

[Event "CC Jan26"]
[Site "www.echecsemail.com"]
[Date "2026.02.14"]
[Round "1"]
[White "Jerem51"]
[Black "Eldiablo90"]
[WhiteElo "2320"]
[BlackElo "2790"]
[Result "0-1"]
1.d4 Ng8f6
2.c4 e6
3.Ng1f3 d5
4.Nb1c3 c6
5.e3 Nb8d7
6.Qd1c2 Bf8d6
7.Bf1e2 dxc4
8.Be2xc4 b5
9.Bc4d3 O-O
10.Nf3g5 h6
11.Ng5e4 Bd6e7
12.O-O a6
13.Bc1d2 Bc8b7
14.Ne4xf6 Nd7xf6
15.Nc3e4 Nf6xe4
16.Bd3xe4 a5
 { temps }0-1

[Event "Memorial Lara CIV"]
[Site "www.echecsemail.com"]
[Date "2026.02.14"]
[Round "1"]
[White "Orosco"]
[Black "Leredoutable"]
[WhiteElo "2210"]
[BlackElo "1740"]
[Result "1-0"]
1.e4 e5
2.f4 exf4
3.Bf1c4 g5
4.h4 gxh4
5.Qd1e2 Bf8g7
6.d4 Qd8g5
7.Kf1 Ng8e7
8.Ng1f3 Qg5f6
9.Nb1c3 Ne7g6
10.Nc3d5 Qf6d6
11.e5 Qd6f8
12.Nd5xc7 Kd8
13.Nc7xa8 Nb8c6
14.Nf3g5 b6
15.Ng5xf7 Ke8
16.Qe2h5 Nc6xd4
17.Na8c7 Ke7
18.Qh5g5 { abandon }1-0

[Event "Eq:Pirates du Mat-Les Gens du Sud :"]
[Site "www.echecsemail.com"]
[Date "2026.02.14"]
[Round "1"]
[White "Xhouks"]
[Black "Swallow"]
[WhiteElo "2180"]
[BlackElo "2060"]
[Result "0-1"]
1.Ng1f3 Ng8f6
2.d3 e6
3.e4 b6
4.g3 d6
5.Bf1g2 Bc8b7
6.c3 Bf8e7
7.Nb1d2 Nb8d7
8.O-O O-O
9.Rf1e1 c5
10.a3 Qd8c7
11.Qd1c2 Ra8c8
12.Qc2d1 Rf8d8
13.Bg2h3 Nd7e5
14.Nf3g5 Qc7d7
15.d4 Ne5g6
16.d5 Nf6xd5
17.Ng5xf7 Kxf7
18.exd5 Bb7xd5
19.c4 Bd5b7
20.Bh3xe6 Qd7xe6
21.Re1xe6 Kxe6
22.f4 d5
23.Qd1h5 Ng6f8
24.Nd2f3 Be7f6
25.Bc1d2 dxc4
26.f5 Kd6
27.Bd2f4 Kc6
28.Qh5h3 Rd8d3
29.Ra1b1 Rd3xf3
{ abandon }0-1